Mathematics of finance / (Record no. 5523)
[ view plain ]
| 000 -LEADER | |
|---|---|
| fixed length control field | 01233cac a22002771u 4500 |
| 090 ## - LOCALLY ASSIGNED LC-TYPE CALL NUMBER (OCLC); LOCAL CALL NUMBER (OCLC) | |
| -- | 5523 |
| 008 - FIXED-LENGTH DATA ELEMENTS--GENERAL INFORMATION | |
| fixed length control field | 081119t 1990xxu||||| |||| 00| 0 eng d |
| 010 ## - LIBRARY OF CONGRESS CONTROL NUMBER | |
| LC control number | 89080927 |
| 020 ## - INTERNATIONAL STANDARD BOOK NUMBER | |
| International Standard Book Number | 039543324X |
| 082 00 - DEWEY DECIMAL CLASSIFICATION NUMBER | |
| Classification number | 650.01513 |
| Item number | CIS |
| 100 ## - MAIN ENTRY--PERSONAL NAME | |
| Personal name | Cissell, Robert. |
| 245 10 - TITLE STATEMENT | |
| Title | Mathematics of finance / |
| Statement of responsibility, etc | Robert Cissell, Helen Cissell, David C. Flaspohler. |
| 250 ## - EDITION STATEMENT | |
| Edition statement | 8th ed. |
| 260 ## - PUBLICATION, DISTRIBUTION, ETC. (IMPRINT) | |
| Place of publication, distribution, etc | Boston : |
| Name of publisher, distributor, etc | Houghton Mifflin Co.,1990 |
| Date of publication, distribution, etc | c1990. |
| 260 ## - PUBLICATION, DISTRIBUTION, ETC. (IMPRINT) | |
| Place of publication, distribution, etc | Boston : |
| Name of publisher, distributor, etc | distributer: Al-Ahram |
| Date of publication, distribution, etc | c1990. |
| 300 ## - PHYSICAL DESCRIPTION | |
| Extent | xviii, 611, 109 p. : |
| Other physical details | ill. ; |
| Dimensions | 25 cm. |
| 500 ## - GENERAL NOTE | |
| General note | Includes indexes. |
| 511 ## - PARTICIPANT OR PERFORMER NOTE | |
| Participant or performer note | catalogued by: wessam |
| 650 #0 - SUBJECT ADDED ENTRY--TOPICAL TERM | |
| Topical term or geographic name as entry element | Business mathematics. |
| 700 1# - ADDED ENTRY--PERSONAL NAME | |
| Personal name | Cissell, Helen. |
| 700 1# - ADDED ENTRY--PERSONAL NAME | |
| Personal name | Flaspohler, David C. |
| 942 ## - ADDED ENTRY ELEMENTS (KOHA) | |
| Item type | NB - Book (Non borrowing) |
| Call number prefix | 650.01513CIS |
| Source of classification or shelving scheme | Dewey Decimal Classification |
| Withdrawn status | Item status | Source of classification or shelving scheme | Damaged status | Not for loan | Home library | Current library | Shelving location | Date acquired | Source of acquisition | Total Checkouts | Full call number | Barcode | Date last seen | Koha item type | Total Renewals | Date last borrowed | Vendor | Public note |
|---|---|---|---|---|---|---|---|---|---|---|---|---|---|---|---|---|---|---|
| Dewey Decimal Classification | Central Library | Central Library | First floor | 30/10/2007 | Purchase | 650.01513 CIS | 000006606 | 15/07/2025 | NB - Book (Non borrowing) | |||||||||
| Dewey Decimal Classification | Central Library | Central Library | First floor | 19/11/2008 | Purchase | 7 | 650.01513 CIS | 000000209 | 15/07/2025 | Book - Borrowing | 6 | 06/04/2016 | ||||||
| Dewey Decimal Classification | Central Library | Central Library | First floor | 22/12/2009 | Donation | 3 | 650.01513 CIS | 000019224 | 16/12/2025 | Book - Borrowing | 22 | 10/10/2022 | Donation |